Cuestiones de metafísica : serie de filosofía de la Sociedad Española de Filosofía Analítica /

Obra que reúne once ensayos de filosofía analítica aplicada al ámbito de la metafísica, donde los autores abordan cuestiones sobre realismo metafísico, metaontología, modalidad metafísica, causalidad, universales, ontología de los objetos temporales, relación mente-cuerpo, libertad, determinismo, re...

Descripció completa

Guardat en:
Dades bibliogràfiques
Autor principal: Prades, Josep L. (coordinación)
Format: Llibre
Idioma:espanyol
Publicat: Madrid, España : Tecnos, 2015, c2015
Col·lecció:(Filosofía y Ensayo)
Matèries:
Etiquetes: Afegir etiqueta
Sense etiquetes, Sigues el primer a etiquetar aquest registre!

MARC

LEADER 00000nam^a2200000^a^4500
001 000403476
005 20250521000000.0
009 20260526143645.368
020 |a 978-84-309-6621-9 
037 |a Acervo ITESO - Biblioteca 
041 |a ESP 
082 |a 110.  |b PRA 
100 |a Prades, Josep L.  |e (coordinación) 
245 1 0 |a Cuestiones de metafísica :  |b serie de filosofía de la Sociedad Española de Filosofía Analítica /  |c Coord. e introd. de J.L. Prades. 
264 4 |a Madrid, España :  |b Tecnos,  |c 2015, c2015 
300 |a 443 p. 
336 |a texto  |b txt  |2 rdacontenido 
337 |a sin mediación  |b n  |2 rdamedio 
338 |a volumen  |b nc  |2 rdasoporte 
440 1 |a (Filosofía y Ensayo) 
520 |a Obra que reúne once ensayos de filosofía analítica aplicada al ámbito de la metafísica, donde los autores abordan cuestiones sobre realismo metafísico, metaontología, modalidad metafísica, causalidad, universales, ontología de los objetos temporales, relación mente-cuerpo, libertad, determinismo, realización e identidad personal. 
521 |a 2019 BO Licenciatura en Filosofía y Ciencias Sociales 
649 |a XX 
650 |a Alma y Cuerpo 
650 |a Identidad Personal 
650 |a Libertad 
650 |a Responsabilidad 
650 |a Determinismo 
650 |a Contingencia 
650 |a Causalidad 
650 |a Necesidad (Filosofía) 
650 |a Esencia (Filosofía) 
650 |a Ontología 
650 |a Metafísica -  |x Tema Principal 
650 |a Realismo (Filosofía) 
650 |a Filosofía Analítica 
650 |a Filosofía del Siglo XX 
910 |a Fondo General 
920 |a Impresos - Libros 
930 |a Colección General 
905 |a 101 
901 |a 0500298842  |b IT1  |c ACC  |i C159730  |u 20250521 
901 |a 0500298839  |b IT1  |c ACC  |i C159729  |u 20250521 
902 |a https://opac.biblio.iteso.mx/vufind/Record/000403476